Harry Potter Cast - Sudden Death - Statistics

General Stats
  • This quiz has been taken 642 times
    641 since last reset
  • The average score is 14 of 21
Answers on the Grid
Answers color-coded by a green-red scale on the quiz's grid according to % correct below.
Daniel Radcliffe
Emma Watson
Rupert Grint
Brendan Gleeson
Brian Cox
Maggie Smith
John Hurt
James Earl Jones
Austin Butler
Richard Griffiths
Richard Harris
Alan Rickman
Abigail Breslin
Asa Butterfield
Robert Pattinson
Michael Gambon
Anya Taylor-Joy
Ralph Fiennes
Hailee Steinfeld
Evanna Lynch
Kenneth Branagh
Katie Leung
Kate Winslet
Eddie Murphy
Mark Williams
Matthew Lewis
Bill Nighy
Jason Isaacs
Bonnie Wright
Helena Bonham Carter
 
Answer Stats
Answer % Correct
Daniel Radcliffe
99%
Emma Watson
99%
Rupert Grint
98%
Alan Rickman
90%
Maggie Smith
88%
Helena Bonham Carter
81%
Robert Pattinson
80%
Bonnie Wright
73%
Ralph Fiennes
73%
Evanna Lynch
67%
Michael Gambon
67%
Richard Harris
66%
Matthew Lewis
62%
Jason Isaacs
61%
Katie Leung
54%
Richard Griffiths
52%
Kenneth Branagh
48%
Brendan Gleeson
47%
Bill Nighy
35%
John Hurt
34%
Mark Williams
32%
No matching quizzes found
Score Distribution
Percent of People with Each Score
Percentile by Number Answered
Your Score History
You have not taken this quiz since the last reset